Stations du métro de Montréal / Montreal metro stations - Statistiques

Statistiques générales
  • Ce quiz a été pris 868 fois
  • Le résultat moyen est 49 sur 73
Statistiques - réponses
Hint Réponse % Correct
Oct. 1966 (Orange, Jaune/Yellow) Berri-UQAM
92%
Oct. 1966 (Verte/Green, Jaune/Yellow) Berri-UQAM
92%
Oct. 1966 (Terminus; Verte/Green, Orange) Berri-UQAM
92%
Sept. 1978 (Terminus) Angrignon
83%
Oct. 1966 McGill
83%
Oct. 1966 (Bleue/Blue) Jean-Talon
82%
Juin/June 1986 (Orange) Jean-Talon
82%
Oct. 1966 Mont-Royal
82%
Avr./Apr. 1967 (Terminus) Longueuil-Université-de-Sherbrooke
81%
Oct. 1966 Sherbrooke
81%
Avr./Apr. 1967 Jean-Drapeau
80%
Sept. 1981 (Bleu/Blue) Snowdon
80%
Jan. 1988 (Terminus; Orange) Snowdon
80%
Avr./Apr. 2007 (Terminus) Montmorency
79%
Oct. 1966 Peel
79%
Nov. 1986 (Terminus) Côte-Vertu
78%
Oct. 1966 Place-des-Arts
78%
Juin/June 1976 (Terminus) Honoré-Beaugrand
77%
Sept. 1978 (Orange) Lionel-Groulx
77%
Avr./Apr. 1980 (Verte/Green) Lionel-Groulx
77%
Oct. 1966 Guy-Concordia
76%
Jan. 1988 Université-de-Montréal
76%
Juin/June 1976 Pie-IX
75%
Juin/June 1986 (Terminus) Saint-Michel
74%
Oct. 1966 Rosemont
73%
Oct. 1966 Saint-Laurent
73%
Fév./Feb. 1967 Bonaventure
71%
Oct. 1966 Place-d'Armes
71%
Oct. 1966 Atwater
70%
Oct. 1966 Beaubien
70%
Oct. 1966 Henri-Bourassa
70%
Oct. 1966 Papineau
70%
Oct. 1966 Beaudry
69%
Oct. 1966 Champ-de-Mars
69%
Oct. 1966 Laurier
69%
Fév./Feb. 1967 Square-Victoria-OACI
68%
Jan. 1988 Côte-des-Neiges
67%
Sept. 1978 Verdun
67%
Oct. 1966 Jarry
65%
Juin/June 1987 Parc
64%
Sept. 1981 Villa-Maria
64%
Juin/June 1976 Joliette
63%
Jan. 1988 Outremont
63%
Juin/June 1976 Viau
63%
Oct. 1966 Crémazie
62%
Avr./Apr. 1980 Lucien-L'Allier
62%
Sept. 1978 Monk
62%
Avr./Apr. 2007 Cartier
61%
Oct. 1966 Frontenac
61%
Sept. 1978 De L'Église
60%
Avr./Apr. 1980 Place-Saint-Henri
60%
Oct. 1966 Sauvé
60%
Sept. 1981 Vendôme
60%
Jan. 1988 Édouard-Montpetit
59%
Jan. 1984 Namur
59%
Juin/June 1976 Radisson
58%
Juin/June 1986 Fabre
57%
Juin/June 1976 Préfontaine
57%
Juin/June 1976 Cadillac
56%
Jan. 1984 De la Savane
56%
Jan. 1984 Du Collège
56%
Jan. 1982 Côte-Sainte-Catherine
55%
Avr./Apr. 2007 De La Concorde
55%
Juin/June 1986 De Castelnau
54%
Juin/June 1976 Langelier
54%
Juin/June 1986 D'Iberville
53%
Mar. 1988 Acadie
51%
Avr./Apr. 1980 Georges-Vanier
51%
Sept. 1978 Jolicoeur
51%
Juin/June 1982 Plamondon
51%
Sept. 1978 LaSalle
50%
Sept. 1978 Charlevoix
48%
Juin/June 1976 Assomption
46%
Aucun quiz correspondant
Distribution des résultats
% des personnes avec chaque résultat
Percentile par nombre de réponses
Votre historique - résultats
Vous n’avez pas pris ce quiz